[Event "Niedersachsen-ch Seniors op 14th"]
[Site "Bad Bevensen"]
[Date "2011.07.10"]
[Round "6"]
[White "Vierroth, Hans"]
[Black "Wulf, Adalbert"]
[Result "0-1"]
[WhiteElo "1612"]
[BlackElo "1735"]
[PlyCount "59"]
[EventDate "2011.07.05"]
[EventType "swiss"]
[EventRounds "9"]
[EventCountry "GER"]
[SourceTitle "EXT 2012"]
[Source "ChessBase"]
[SourceDate "2011.11.24"]
[SourceVersion "1"]
[SourceVersionDate "2011.11.24"]
[SourceQuality "1"]

1. d4 Nf6 2. Nc3 e6 3. e4 d5 4. e5 Nfd7 5. Bd2 c5 6. f4 cxd4 7. Nb5 Qb6 8. Nf3 a6 9. Nbxd4 Nc6 10. Bc3 Nc5 11. Bd3 Bd7 12. Qd2 Nxd3+ 13. Qxd3 Be7 14. a3 g6 15. Qd2 0-0 16. 0-0 Rac8 17. Kh1 Nb8 18. Ba5 Qa7 19. c3 Rfe8 20. Bb4 Bd8 21. Qf2 b6 22. Ng5 h6 23. Qh4 Kg7 24. Qf2 hxg5 25. fxg5 Bb5 26. Nxb5 axb5 27. Qh4 Rh8 28. Bf8+ Kg8 29. Bh6 Rc4 30. Qh3 0-1

[Event "Niedersachsen-ch Seniors op 14th"]
[Site "Bad Bevensen"]
[Date "2011.07.07"]
[Round "3"]
[White "Reinke, Kurt"]
[Black "Vierroth, Hans"]
[Result "1-0"]
[WhiteElo "1772"]
[BlackElo "1612"]
[PlyCount "34"]
[EventDate "2011.07.05"]
[EventType "swiss"]
[EventRounds "9"]
[EventCountry "GER"]
[SourceTitle "EXT 2012"]
[Source "ChessBase"]
[SourceDate "2011.11.24"]
[SourceVersion "1"]
[SourceVersionDate "2011.11.24"]
[SourceQuality "1"]

1. d4 d5 2. c4 e5 3. e4 dxe4 4. d5 c6 5. Nc3 Nf6 6. Bg5 Be7 7. Bxf6 Bxf6 8. Nxe4 Qa5+ 9. Nc3 e4 10. Qd2 Bxc3 11. bxc3 0-0 12. Ne2 c5 13. Ng3 f5 14. Be2 Qb6 15. 0-0 Nd7 16. f3 Nf6 17. fxe4 fxe4 1-0

[Event "Niedersachsen-ch Seniors op 13th"]
[Site "Bad Bevensen"]
[Date "2010.07.10"]
[Round "5"]
[White "Vierroth, Hans"]
[Black "Schumacher, Ursula"]
[Result "1/2-1/2"]
[WhiteElo "1573"]
[BlackElo "1472"]
[PlyCount "53"]
[EventDate "2010.07.06"]
[EventType "swiss"]
[EventRounds "9"]
[EventCountry "GER"]
[SourceTitle "EXT 2012"]
[Source "ChessBase"]
[SourceDate "2011.11.24"]
[SourceVersion "1"]
[SourceVersionDate "2011.11.24"]
[SourceQuality "1"]

1. d4 c6 2. e4 d5 3. Nc3 dxe4 4. f3 exf3 5. Nxf3 Bf5 6. Bc4 e6 7. 0-0 Nf6 8. Ne5 Bg6 9. Be3 Be7 10. Qe2 0-0 11. Rad1 Nd5 12. Nxd5 cxd5 13. Nxg6 hxg6 14. Bd3 Nc6 15. c3 a6 16. Qg4 Qc8 17. Bg5 f5 18. Qf4 Bxg5 19. Qxg5 Rf6 20. Rde1 Qd7 21. a4 Raf8 22. Rf3 Ne7 23. Ref1 Qe8 24. g4 fxg4 25. Rxf6 Rxf6 26. Rxf6 gxf6 27. Qxf6 1/2-1/2

[Event "Bad Bevensen Seniors op 12th"]
[Site "Bad Bevensen"]
[Date "2009.07.09"]
[Round "3"]
[White "Vierroth, Hans"]
[Black "Janzen, Christian"]
[Result "0-1"]
[WhiteElo "1645"]
[BlackElo "1625"]
[PlyCount "60"]
[EventDate "2009.07.07"]
[EventType "swiss"]
[EventRounds "9"]
[EventCountry "GER"]
[SourceTitle "EXT 2022"]
[Source "ChessBase"]
[SourceDate "2021.10.06"]
[SourceVersion "1"]
[SourceVersionDate "2021.10.06"]
[SourceQuality "1"]

1. d4 d5 2. e4 e6 3. Nc3 Ne7 4. Be3 c6 5. f3 Ng6 6. Bd3 Be7 7. Nge2 Nd7 8. 0-0 Nb6 9. exd5 Nxd5 10. Nxd5 cxd5 11. c3 Bd7 12. f4 f5 13. Ng3 Kf7 14. Nh5 Qe8 15. g4 Nh4 16. g5 h6 17. Ng3 hxg5 18. fxg5 Qd8 19. Qd2 Be8 20. Nxf5 Nxf5 21. Bxf5 exf5 22. Rxf5+ Kg8 23. Qg2 Bf7 24. Raf1 Be6 25. g6 Bxf5 26. Rf3 Qd7 27. h3 Rxh3 28. Rxh3 Bxh3 29. Qh2 Qg4+ 30. Kh1 Qe4+ 0-1

[Event "Bad Bevensen Seniors op 12th"]
[Site "Bad Bevensen"]
[Date "2009.07.07"]
[Round "1"]
[White "Vierroth, Hans"]
[Black "Duemmke, Juergen"]
[Result "0-1"]
[WhiteElo "1645"]
[BlackElo "2017"]
[PlyCount "38"]
[EventDate "2009.07.07"]
[EventType "swiss"]
[EventRounds "9"]
[EventCountry "GER"]
[SourceTitle "EXT 2022"]
[Source "ChessBase"]
[SourceDate "2021.10.06"]
[SourceVersion "1"]
[SourceVersionDate "2021.10.06"]
[SourceQuality "1"]

1. d4 Nf6 2. Nc3 d5 3. e4 dxe4 4. f3 exf3 5. Nxf3 g6 6. Bc4 Bg7 7. Ne5 0-0 8. Bg5 Nbd7 9. 0-0 c6 10. Qe2 Nb6 11. Rad1 Nxc4 12. Nxc4 Bg4 13. Qe3 Bxd1 14. Rxd1 Nd5 15. Nxd5 Qxd5 16. b3 Rad8 17. c3 c5 18. Qxe7 Rfe8 19. Qxc5 Qxc5 0-1

[Event "Niedersachsen-ch Seniors op 11th"]
[Site "Bad Bevensen"]
[Date "2008.07.14"]
[Round "7"]
[White "Vierroth, Hans"]
[Black "Hilbig, Klaus"]
[Result "1-0"]
[WhiteElo "1678"]
[BlackElo "1485"]
[PlyCount "43"]
[EventDate "2008.07.08"]
[EventType "swiss"]
[EventRounds "9"]
[EventCountry "GER"]
[SourceTitle "EXT 2022"]
[Source "ChessBase"]
[SourceDate "2021.10.06"]
[SourceVersion "1"]
[SourceVersionDate "2021.10.06"]
[SourceQuality "1"]

1. d4 Nf6 2. Nc3 g6 3. e4 d6 4. Nf3 Bg7 5. Bc4 0-0 6. 0-0 Nxe4 7. Bxf7+ Rxf7 8. Nxe4 Bg4 9. Neg5 Rf8 10. Qd3 Bf5 11. Qb3+ d5 12. Qxb7 h6 13. Qxa8 hxg5 14. Bxg5 Be4 15. Rfe1 Rf5 16. Bxe7 Qxe7 17. Qxb8+ Kh7 18. Qb3 Qf7 19. Rxe4 dxe4 20. Qxf7 Rxf7 21. Ng5+ Kg8 22. Nxf7 1-0

[Event "Niedersachsen-ch Seniors op 11th"]
[Site "Bad Bevensen"]
[Date "2008.07.13"]
[Round "6"]
[White "Fleischer, Ernst"]
[Black "Vierroth, Hans"]
[Result "1/2-1/2"]
[WhiteElo "1564"]
[BlackElo "1678"]
[PlyCount "69"]
[EventDate "2008.07.08"]
[EventType "swiss"]
[EventRounds "9"]
[EventCountry "GER"]
[SourceTitle "EXT 2022"]
[Source "ChessBase"]
[SourceDate "2021.10.06"]
[SourceVersion "1"]
[SourceVersionDate "2021.10.06"]
[SourceQuality "1"]

1. e4 e5 2. Bc4 d6 3. Nc3 Nf6 4. d3 Bg4 5. f3 Bh5 6. Nge2 c6 7. 0-0 Qb6+ 8. Kh1 Nbd7 9. a3 Qc7 10. Ng3 Bg6 11. Nce2 Be7 12. b4 b5 13. Ba2 d5 14. c4 bxc4 15. dxc4 dxe4 16. f4 0-0 17. Nc3 exf4 18. Bxf4 Ne5 19. Qe2 Rad8 20. Rad1 Rd3 21. Rxd3 exd3 22. Qxe5 Qd7 23. h3 Re8 24. Qc7 Qd4 25. Nd1 Qa1 26. Qxc6 Qxa2 27. Be5 Rd8 28. Bxf6 Bxf6 29. Qc7 Qa1 30. Rxf6 Qxf6 31. Qxa7 Qd4 32. Qxd4 Rxd4 33. c5 Rc4 34. Kg1 Rc2 35. Kf1 1/2-1/2

[Event "Niedersachsen-ch Seniors op 11th"]
[Site "Bad Bevensen"]
[Date "2008.07.11"]
[Round "4"]
[White "Schwenke, Norbert"]
[Black "Vierroth, Hans"]
[Result "0-1"]
[WhiteElo "1420"]
[BlackElo "1678"]
[PlyCount "56"]
[EventDate "2008.07.08"]
[EventType "swiss"]
[EventRounds "9"]
[EventCountry "GER"]
[SourceTitle "EXT 2022"]
[Source "ChessBase"]
[SourceDate "2021.10.06"]
[SourceVersion "1"]
[SourceVersionDate "2021.10.06"]
[SourceQuality "1"]

1. f4 e5 2. e4 exf4 3. Nf3 g5 4. Bc4 g4 5. Ne5 Qh4+ 6. Kf1 Nc6 7. Qxg4 Qxg4 8. Nxg4 d5 9. exd5 Nd4 10. b3 Bxg4 11. Bb2 Bg7 12. Na3 0-0-0 13. h3 Bf5 14. d3 a6 15. c3 b5 16. cxd4 bxc4 17. dxc4 Re8 18. Re1 Nf6 19. Re5 Bd3+ 20. Ke1 Ne4 21. Rxe8+ Rxe8 22. Rg1 Ng3+ 23. Kd2 Re2+ 24. Kc3 Be4 25. Bc1 Rxa2 26. Re1 a5 27. Bxf4 Ne2+ 28. Rxe2 Rxe2 0-1

[Event "Niedersachsen-ch Seniors op 11th"]
[Site "Bad Bevensen"]
[Date "2008.07.10"]
[Round "3"]
[White "Vierroth, Hans"]
[Black "Zoll, Theobald"]
[Result "0-1"]
[WhiteElo "1678"]
[BlackElo "1513"]
[PlyCount "54"]
[EventDate "2008.07.08"]
[EventType "swiss"]
[EventRounds "9"]
[EventCountry "GER"]
[SourceTitle "EXT 2022"]
[Source "ChessBase"]
[SourceDate "2021.10.06"]
[SourceVersion "1"]
[SourceVersionDate "2021.10.06"]
[SourceQuality "1"]

1. d4 Nf6 2. Nc3 e6 3. e4 Bb4 4. Bd2 Bxc3 5. Bxc3 Nxe4 6. Qg4 Nxc3 7. Qxg7 Rf8 8. bxc3 Qh4 9. Bd3 h6 10. Nf3 Qh5 11. 0-0 d6 12. Rfe1 Nd7 13. c4 Qa5 14. d5 Nc5 15. dxe6 Bxe6 16. Nd4 0-0-0 17. Nxe6 fxe6 18. Bf1 h5 19. Qd4 Qb6 20. a4 a5 21. Be2 Rf5 22. Bf3 e5 23. Qd1 Rdf8 24. Rb1 Qa7 25. Re4 Nxe4 26. Qe2 Nc3 27. Bxb7+ Qxb7 0-1

[Event "Niedersachsen-ch Seniors op 11th"]
[Site "Bad Bevensen"]
[Date "2008.07.08"]
[Round "1"]
[White "Vierroth, Hans"]
[Black "Zunker, Reinhard"]
[Result "0-1"]
[WhiteElo "1678"]
[BlackElo "2126"]
[PlyCount "102"]
[EventDate "2008.07.08"]
[EventType "swiss"]
[EventRounds "9"]
[EventCountry "GER"]
[SourceTitle "EXT 2022"]
[Source "ChessBase"]
[SourceDate "2021.10.06"]
[SourceVersion "1"]
[SourceVersionDate "2021.10.06"]
[SourceQuality "1"]

1. d4 Nf6 2. Nc3 g6 3. e4 d6 4. Nf3 Bg7 5. Bg5 c6 6. Qd2 b5 7. e5 b4 8. exf6 bxc3 9. Qe3 cxb2 10. Rb1 Bf8 11. fxe7 Bxe7 12. Rxb2 Be6 13. d5 Qa5+ 14. c3 Qxd5 15. Bxe7 Kxe7 16. Rb7+ Nd7 17. Qg5+ Qxg5 18. Nxg5 Bxa2 19. Rb2 Be6 20. Nxe6 fxe6 21. Kd2 Nc5 22. Be2 a5 23. Bf3 d5 24. Rb6 Kd6 25. Ra1 a4 26. Kc2 Rhb8 27. Rb4 e5 28. Bd1 Rxb4 29. cxb4 Nb3 30. Ra3 c5 31. bxc5+ Nxc5 32. Be2 d4 33. f3 Rb8 34. Bc4 Rb4 35. Bg8 h6 36. Bh7 d3+ 37. Kc3 Rd4 38. Ra2 Nb3 39. Bxg6 d2 40. Bc2 d1Q 41. Bxd1 Rxd1 42. Rxa4 Nd4 43. Ra6+ Nc6 44. Ra4 Rd4 45. Ra8 Kc5 46. Rh8 Rd6 47. h4 Rg6 48. Kd3 Rxg2 49. Rxh6 Kd5 50. h5 Nd4 51. Ke3 Nf5+ 0-1

[Event "Niedersachsen-ch Seniors op 10th"]
[Site "Bad Bevensen"]
[Date "2007.07.10"]
[Round "8"]
[White "Vierroth, Hans"]
[Black "Ludwig, Siegfried"]
[Result "1-0"]
[WhiteElo "1706"]
[BlackElo "1411"]
[PlyCount "33"]
[EventDate "2007.07.03"]
[EventType "swiss"]
[EventRounds "9"]
[EventCountry "GER"]
[SourceTitle "EXT 2022"]
[Source "ChessBase"]
[SourceDate "2021.10.06"]
[SourceVersion "1"]
[SourceVersionDate "2021.10.06"]
[SourceQuality "1"]

1. d4 d5 2. e4 dxe4 3. Nc3 Nf6 4. f3 exf3 5. Nxf3 Bg4 6. h3 Bxf3 7. Qxf3 c6 8. Qf2 e6 9. Bd3 Nbd7 10. 0-0 Be7 11. Bg5 0-0 12. Qh4 h6 13. Bxh6 gxh6 14. Qxh6 Re8 15. Rf3 Bf8 16. Rg3+ Bg7 17. Qxg7# 1-0

[Event "Niedersachsen-ch Seniors op 10th"]
[Site "Bad Bevensen"]
[Date "2007.07.08"]
[Round "6"]
[White "Vierroth, Hans"]
[Black "Kirchner, Holger"]
[Result "1-0"]
[WhiteElo "1706"]
[BlackElo "1161"]
[PlyCount "53"]
[EventDate "2007.07.03"]
[EventType "swiss"]
[EventRounds "9"]
[EventCountry "GER"]
[SourceTitle "EXT 2022"]
[Source "ChessBase"]
[SourceDate "2021.10.06"]
[SourceVersion "1"]
[SourceVersionDate "2021.10.06"]
[SourceQuality "1"]

1. d4 Nf6 2. Nc3 e6 3. e4 Bb4 4. Bd3 Bxc3+ 5. bxc3 0-0 6. e5 Nd5 7. Nh3 h6 8. Bxh6 f5 9. Bd2 Qe8 10. Qf3 Qg6 11. c4 Ne7 12. Ng5 Nbc6 13. c3 d6 14. exd6 cxd6 15. 0-0 Bd7 16. Rae1 Rae8 17. Re2 Na5 18. Rfe1 Nec6 19. Qg3 d5 20. cxd5 exd5 21. Rxe8 Rxe8 22. Rxe8+ Qxe8 23. Qh3 Qg6 24. Nf3 Ne7 25. Qg3 Qe8 26. Qc7 Bc6 27. Qxa5 1-0

[Event "Niedersachsen-ch Seniors op 10th"]
[Site "Bad Bevensen"]
[Date "2007.07.03"]
[Round "1"]
[White "Gohlke, Karl Heinz"]
[Black "Vierroth, Hans"]
[Result "1/2-1/2"]
[WhiteElo "1799"]
[BlackElo "1706"]
[PlyCount "21"]
[EventDate "2007.07.03"]
[EventType "swiss"]
[EventRounds "9"]
[EventCountry "GER"]
[SourceTitle "EXT 2022"]
[Source "ChessBase"]
[SourceDate "2021.10.06"]
[SourceVersion "1"]
[SourceVersionDate "2021.10.06"]
[SourceQuality "1"]

1. d4 d5 2. c4 e5 3. dxe5 d4 4. Nf3 Nc6 5. g3 Be6 6. b3 Qd7 7. Bg2 f6 8. exf6 Nxf6 9. 0-0 Bc5 10. Bb2 0-0 11. Nbd2 1/2-1/2

[Event "Saarlouis op 6th"]
[Site "Saarlouis"]
[Date "2003.05.28"]
[Round "1"]
[White "Vierroth, Hans"]
[Black "Dobrev, Nanko"]
[Result "0-1"]
[WhiteElo "1759"]
[BlackElo "2374"]
[PlyCount "70"]
[EventDate "2003.05.??"]
[EventType "swiss"]
[EventRounds "7"]
[EventCountry "GER"]
[SourceTitle "EXT 2006"]
[Source "ChessBase"]
[SourceDate "2005.11.24"]
[SourceVersion "1"]
[SourceVersionDate "2005.11.24"]
[SourceQuality "1"]

1. d4 Nf6 2. Nf3 e6 3. Bf4 c5 4. c3 Nc6 5. e3 d5 6. Nbd2 a6 7. a4 Nh5 8. Bg3 Nxg3 9. hxg3 Be7 10. Be2 Qc7 11. dxc5 Bxc5 12. Qc2 h6 13. Bd3 Bd7 14. e4 dxe4 15. Bxe4 Ne7 16. Nb3 Ba7 17. Nbd4 Rc8 18. Qb3 e5 19. Ne2 Be6 20. Qxb7 Qc5 21. 0-0 Rb8 22. b4 Rxb7 23. bxc5 Rb2 24. Bd3 e4 25. Bxa6 exf3 26. gxf3 Bxc5 27. Rfb1 Rxb1+ 28. Rxb1 Kd7 29. Nd4 Bxd4 30. cxd4 Bd5 31. Bb5+ Bc6 32. Kf1 Bxb5+ 33. Rxb5 Rc8 34. Ke2 Rc4 35. Rb7+ Kd6 0-1

[Event "Saarlouis op 5th"]
[Site "Saarlouis"]
[Date "2002.06.01"]
[Round "8"]
[White "Becking, Michael"]
[Black "Vierroth, Hans"]
[Result "1-0"]
[WhiteElo "1880"]
[BlackElo "1668"]
[PlyCount "149"]
[EventDate "2002.05.??"]
[EventType "swiss"]
[EventRounds "9"]
[EventCountry "GER"]
[SourceTitle "EXT 2006"]
[Source "ChessBase"]
[SourceDate "2005.11.24"]
[SourceVersion "1"]
[SourceVersionDate "2005.11.24"]
[SourceQuality "1"]

1. Nf3 Nf6 2. d4 d5 3. Bf4 Bf5 4. e3 e6 5. c3 Bd6 6. Bg3 0-0 7. Be2 c5 8. Nh4 Bg6 9. Nxg6 hxg6 10. Nd2 Nc6 11. Nf3 Ne4 12. Bxd6 Qxd6 13. 0-0 Rac8 14. Bd3 f5 15. Nd2 Rf6 16. Bxe4 fxe4 17. f3 cxd4 18. exd4 e3 19. Nb3 e5 20. Re1 exd4 21. Nxd4 Re8 22. Re2 Qc5 23. Qd3 Qc4 24. Qxc4 dxc4 25. Nxc6 Rxc6 26. Rd1 Rc7 27. Rd4 Kf7 28. Rf4+ Kg8 29. Rd4 a6 30. Kf1 b5 31. Re4 Rxe4 32. fxe4 Rd7 33. Rxe3 Rd1+ 34. Kf2 Kf7 35. Kf3 Rf1+ 36. Kg3 Ke6 37. Re2 Ke5 38. Kg4 Rf6 39. Kg5 a5 40. a3 Rd6 41. h4 Rf6 42. g4 Rd6 43. h5 gxh5 44. gxh5 Rf6 45. Rd2 Kxe4 46. Rd4+ Ke5 47. a4 Rb6 48. axb5 Rxb5 49. Rxc4 Rxb2 50. Rc5+ Ke4 51. Rxa5 Rg2+ 52. Kh4 Kf4 53. Ra4+ Kf5 54. Kh3 Rg1 55. Kh2 Rc1 56. Rc4 Kg5 57. Rc5+ Kf6 58. Kg2 Ke6 59. Kf3 Rh1 60. Ke4 Rh4+ 61. Kd3 Kd6 62. Rg5 Rh3+ 63. Kc4 Rh1 64. Rg6+ Ke5 65. Ra6 Rh4+ 66. Kb3 Kd5 67. Ra5+ Kc6 68. c4 Rh1 69. Rg5 Rh3+ 70. Kb4 Kd6 71. Rg6+ Ke5 72. Rxg7 Rxh5 73. Rd7 Ke6 74. Rd3 Rh7 75. Kb5 1-0

[Event "Saarlouis op 5th"]
[Site "Saarlouis"]
[Date "2002.05.31"]
[Round "7"]
[White "Vierroth, Hans"]
[Black "Schmitt, Adolf"]
[Result "1-0"]
[WhiteElo "1668"]
[BlackElo "1798"]
[PlyCount "95"]
[EventDate "2002.05.??"]
[EventType "swiss"]
[EventRounds "9"]
[EventCountry "GER"]
[SourceTitle "EXT 2006"]
[Source "ChessBase"]
[SourceDate "2005.11.24"]
[SourceVersion "1"]
[SourceVersionDate "2005.11.24"]
[SourceQuality "1"]

1. d4 g6 2. c4 Bg7 3. e4 d6 4. Nc3 e6 5. g3 b6 6. Bg2 Bb7 7. Nge2 Ne7 8. 0-0 Nd7 9. Bg5 h6 10. Be3 a6 11. Qd2 Nf6 12. h3 Rb8 13. b4 g5 14. f4 g4 15. d5 gxh3 16. Bxh3 exd5 17. cxd5 Bc8 18. Bg2 Ng4 19. Bd4 f6 20. Nd1 h5 21. Qe1 c5 22. dxc6 Nxc6 23. Bb2 b5 24. e5 Qb6+ 25. Kh1 dxe5 26. fxe5 Ncxe5 27. Bd4 Qe6 28. Nf4 Qc4 29. Bc5 Bb7 30. Ne3 Bxg2+ 31. Nfxg2 Qe4 32. Rf4 Qb7 33. Nf5 Bf8 34. Bd6 Rc8 35. Bxf8 Kxf8 36. Nd6 Qa8 37. Nxc8 Qxc8 38. Rc1 Qb7 39. Qc3 Qh7 40. Qc8+ Kg7 41. Rc7+ Nf7 42. Qf5 Qg8 43. Nh4 Qa8+ 44. Rf3 Rh6 45. Qe6 Nge5 46. Nf5+ Kg6 47. Nd4 Qd8 48. Qf5+ 1-0

[Event "Bad Woerishofen Seniors op 18th"]
[Site "Bad Woerishofen"]
[Date "2002.03.13"]
[Round "7"]
[White "Claus, Joachim"]
[Black "Vierroth, Hans"]
[Result "0-1"]
[WhiteElo "1864"]
[BlackElo "1779"]
[PlyCount "58"]
[EventDate "2002.03.??"]
[EventType "swiss"]
[EventRounds "9"]
[EventCountry "GER"]
[SourceTitle "EXT 2006"]
[Source "ChessBase"]
[SourceDate "2005.11.24"]
[SourceVersion "1"]
[SourceVersionDate "2005.11.24"]
[SourceQuality "1"]

1. f4 d5 2. Nf3 g6 3. e3 Bg7 4. Bd3 c5 5. Bb5+ Bd7 6. Bxd7+ Nxd7 7. d3 Ngf6 8. 0-0 0-0 9. Nbd2 Qb6 10. Qe2 Rfe8 11. Rb1 e5 12. Nxe5 Nxe5 13. fxe5 Rxe5 14. Nf3 Re7 15. Kh1 Rae8 16. h3 Bh6 17. Qf2 Qe6 18. e4 Bg7 19. exd5 Qxd5 20. Bd2 Re2 21. Qg1 Nh5 22. Be1 Rxc2 23. g4 Nf4 24. Qg3 Nxd3 25. Bc3 Re7 26. Bxg7 Kxg7 27. Rbd1 Qe4 28. Kg1 Qe3+ 29. Kh1 Nf2+ 0-1

[Event "Bad Woerishofen Seniors op 18th"]
[Site "Bad Woerishofen"]
[Date "2002.03.08"]
[Round "2"]
[White "Greifzu, Helmut"]
[Black "Vierroth, Hans"]
[Result "0-1"]
[WhiteElo "1851"]
[BlackElo "1779"]
[PlyCount "162"]
[EventDate "2002.03.??"]
[EventType "swiss"]
[EventRounds "9"]
[EventCountry "GER"]
[SourceTitle "EXT 2006"]
[Source "ChessBase"]
[SourceDate "2005.11.24"]
[SourceVersion "1"]
[SourceVersionDate "2005.11.24"]
[SourceQuality "1"]

1. Nf3 g6 2. d4 Bg7 3. e4 d6 4. Bd3 Nc6 5. c3 e5 6. d5 Nce7 7. Bg5 f5 8. Nbd2 h6 9. Bxe7 Nxe7 10. c4 0-0 11. Qc2 f4 12. 0-0-0 c6 13. Kb1 Bd7 14. Qb3 Qb6 15. Rhf1 c5 16. Ne1 Qa6 17. Rc1 Rab8 18. f3 Qa5 19. Qc3 Qc7 20. Rf2 a6 21. Nb3 b5 22. Qa5 Qb7 23. Qd2 b4 24. Rd1 Qc7 25. Nc1 Ba4 26. b3 Bd7 27. Bc2 a5 28. Ned3 Nc8 29. Nb2 Nb6 30. Rg1 Ra8 31. g3 g5 32. Ne2 Kh7 33. gxf4 exf4 34. e5+ Bf5 35. e6 Qe7 36. Rfg2 Qf6 37. Bxf5+ Qxf5+ 38. Qd3 Qxd3+ 39. Nxd3 Bf6 40. Nec1 a4 41. Nb2 axb3 42. axb3 Bd4 43. Re1 Ra7 44. h3 Nc8 45. Ree2 Ne7 46. Na4 Nf5 47. Nb6 Rb7 48. Nd7 Rxd7 49. exd7 Nh4 50. Z0 Nxg2 51. Rxg2 Rd8 52. Re2 Be3 53. Nd3 Rxd7 54. Ne1 Kg6 55. Ng2 Re7 56. Kc2 Kf5 57. Kd3 Re5 58. Ra2 Re7 59. Ra6 Rd7 60. Ra8 Bd4 61. Rf8+ Kg6 62. Re8 Kf7 63. Ra8 Bf6 64. Ra6 Kg6 65. Ra2 Bd8 66. Z0 h5 67. Re2 Kf5 68. Re8 Bf6 69. Re6 Be5 70. Rh6 Ra7 71. h4 Ra3 72. Rxh5 Rxb3+ 73. Ke2 Rb2+ 74. Kf1 Bf6 75. hxg5 Bxg5 76. Rh8 Rc2 77. Rf8+ Ke5 78. Re8+ Kd4 79. Re4+ Kc3 80. Ne1 Rc1 81. Ke2 b3 0-1

[Event "Saarlouis op 4th"]
[Site "Saarlouis"]
[Date "2001.05.25"]
[Round "7"]
[White "Vierroth, Hans"]
[Black "Thonig, Manfred"]
[Result "0-1"]
[WhiteElo "1747"]
[BlackElo "1563"]
[PlyCount "56"]
[EventDate "2001.05.??"]
[EventType "swiss"]
[EventRounds "9"]
[EventCountry "GER"]
[SourceTitle "EXT 2006"]
[Source "ChessBase"]
[SourceDate "2005.11.24"]
[SourceVersion "1"]
[SourceVersionDate "2005.11.24"]
[SourceQuality "1"]

1. d4 f5 2. c4 Nf6 3. Nf3 b6 4. Nc3 e6 5. g3 Bb7 6. Bg2 Bb4 7. Bd2 Bxc3 8. Bxc3 Ne4 9. Bb4 d6 10. 0-0 Nd7 11. Rc1 0-0 12. e3 Ndf6 13. Re1 c5 14. Ba3 Rb8 15. b3 Qe8 16. Rc2 Qg6 17. Nh4 Qh6 18. Bc1 g5 19. Nf3 Rf7 20. Ree2 Rbf8 21. Ne1 g4 22. Nd3 Nh5 23. Nf4 a6 24. Bb2 Ng5 25. Bxb7 Rxb7 26. Kg2 Nxf4+ 27. exf4 Qh3+ 28. Kh1 Nf3 0-1

[Event "Saarlouis op 4th"]
[Site "Saarlouis"]
[Date "2001.05.22"]
[Round "5"]
[White "Moeckel, Edgar"]
[Black "Vierroth, Hans"]
[Result "1-0"]
[WhiteElo "2087"]
[BlackElo "1747"]
[PlyCount "113"]
[EventDate "2001.05.??"]
[EventType "swiss"]
[EventRounds "9"]
[EventCountry "GER"]
[SourceTitle "EXT 2006"]
[Source "ChessBase"]
[SourceDate "2005.11.24"]
[SourceVersion "1"]
[SourceVersionDate "2005.11.24"]
[SourceQuality "1"]

1. d4 Nf6 2. Nf3 g6 3. c3 Bg7 4. Nbd2 d6 5. e4 0-0 6. Bc4 Nxe4 7. Nxe4 d5 8. Bd3 dxe4 9. Bxe4 c6 10. Qb3 Qb6 11. Qxb6 axb6 12. 0-0 Be6 13. a3 Nd7 14. Ng5 Bc4 15. Re1 e5 16. dxe5 Nxe5 17. Be3 f5 18. Bc2 h6 19. Nh3 c5 20. Rad1 Rad8 21. Bf4 Nd3 22. Bxd3 Rxd3 23. Rxd3 Bxd3 24. Bc7 c4 25. Bxb6 g5 26. f3 Kf7 27. Nf2 Bc2 28. Bc5 Re8 29. Kf1 Be5 30. g3 Bc7 31. Rxe8 Kxe8 32. Kg2 Kf7 33. Bd4 Ke6 34. g4 Bf4 35. Bg7 fxg4 36. fxg4 Bc1 37. Bxh6 Kf6 38. h4 Kg6 39. Bxg5 Bxb2 40. Bd2 Bxa3 41. h5+ Kg7 42. g5 Bf5 43. Kf3 Bc2 44. Kg4 Bc5 45. Kf3 Be7 46. Ng4 Bd1+ 47. Kg3 Bd6+ 48. Bf4 Bxf4+ 49. Kxf4 Bc2 50. Ne5 b5 51. h6+ Kh7 52. Ke3 Bd1 53. Kd4 Bh5 54. Kc5 Be8 55. Kb4 Kg8 56. g6 Kh8 57. Nf7+ 1-0

[Event "Saarlouis op 2nd"]
[Site "Saarlouis"]
[Date "1999.05.29"]
[Round "1"]
[White "Koscielski, Janusch"]
[Black "Vierroth, Hans"]
[Result "0-1"]
[WhiteElo "2344"]
[BlackElo "1830"]
[PlyCount "133"]
[EventDate "1999.05.??"]
[EventType "swiss"]
[EventRounds "9"]
[EventCountry "GER"]
[SourceTitle "EXT 2006"]
[Source "ChessBase"]
[SourceDate "2005.11.24"]
[SourceVersion "1"]
[SourceVersionDate "2005.11.24"]
[SourceQuality "1"]

1. e4 c6 2. d4 d5 3. Nc3 dxe4 4. Nxe4 Bf5 5. Ng3 Bg6 6. h4 h6 7. Nf3 Nd7 8. h5 Bh7 9. Bd3 Bxd3 10. Qxd3 Qc7 11. Bd2 Ngf6 12. 0-0-0 e6 13. Qe2 Bd6 14. Nf5 Bf8 15. Ne5 Nxe5 16. dxe5 Nd5 17. Nd6+ Bxd6 18. exd6 Qd7 19. c4 Nb6 20. Bc3 Rg8 21. b3 0-0-0 22. Qe3 Kb8 23. Ba5 c5 24. Qxc5 Rc8 25. Qd4 Rc6 26. Kb1 f6 27. g4 Rgc8 28. Rhe1 Rc5 29. f4 Rxa5 30. Qd2 Rac5 31. Rg1 e5 32. f5 Rd8 33. Rg3 Rc6 34. Rd3 Nc8 35. Qb4 b6 36. Rd5 Ka8 37. c5 bxc5 38. Rxc5 Nxd6 39. Rcd5 Qc7 40. Qd2 Kb7 41. Qg2 a6 42. Rc5 Nf7 43. Rdc1 Rdd6 44. R1c4 Nd8 45. a4 Kc8 46. b4 Rxc5 47. bxc5 Rc6 48. Qd5 Qd7 49. Qf3 Nb7 50. Kc1 Qc7 51. Qd5 Rxc5 52. Qg8+ Nd8 53. Rxc5 Qxc5+ 54. Kb2 Qb4+ 55. Kc1 Qxg4 56. a5 Qg1+ 57. Kb2 Qf2+ 58. Kc1 Qc5+ 59. Kb1 Qe7 60. Kc1 Qc7+ 61. Kd1 e4 62. Kd2 Qd6+ 63. Ke1 Qg3+ 64. Ke2 Qd3+ 65. Ke1 e3 66. Qxd8+ Qxd8 67. Ke2 0-1

[Event "Bad Woerishofen Seniors op 15th"]
[Site "Bad Woerishofen"]
[Date "1999.??.??"]
[Round "9"]
[White "Vierroth, Hans"]
[Black "Hausner, Alfreda"]
[Result "1/2-1/2"]
[WhiteElo "1830"]
[BlackElo "1680"]
[PlyCount "39"]
[EventDate "1999.03.05"]
[EventType "swiss"]
[EventRounds "9"]
[EventCountry "GER"]
[SourceTitle "EXT 2006"]
[Source "ChessBase"]
[SourceDate "2005.11.24"]
[SourceVersion "1"]
[SourceVersionDate "2005.11.24"]
[SourceQuality "1"]

1. c4 e5 2. Nc3 Nc6 3. g3 Nf6 4. Bg2 d6 5. Nf3 Be7 6. 0-0 0-0 7. e4 Be6 8. b3 h6 9. d4 Bg4 10. Be3 exd4 11. Bxd4 Nxd4 12. Qxd4 Bxf3 13. Bxf3 Nd7 14. Rad1 Bf6 15. Qd3 Ne5 16. Qe2 Nxf3+ 17. Qxf3 Bxc3 18. Qxc3 Qe7 19. Rfe1 Qe5 20. Qxe5 1/2-1/2